000 00632nam a22002177a 4500
003 UA-OsUOA
001 83836
007 ta
008 20120507b un ||||| |||| 00| 0 ukr d
100 _aКобзей Н.
090 _a82
_bК55
942 _cSA
040 _aUA-OsUOA
_bukr
_cUA-OsUOA
_dUA-OsUOA
245 _aВід натуралізму до неонатуралізму: естетичні шукання Володимира Винниченка
300 _aС.57-62
955 _a0
041 _aukr
080 _a82
773 0 _w83829
650 7 _a82 Література. Літературознавство
_2UDC
999 _c370109
_d370109